[Event "GER-ch U25-A"]
[Site "Willingen"]
[Date "2017.06.08"]
[Round "7"]
[White "Erezhep, Assylzhan"]
[Black "Meyer, Nico"]
[Result "1-0"]
[WhiteElo "1753"]
[BlackElo "1545"]
[PlyCount "75"]
[EventDate "2017.06.04"]
[EventType "swiss"]
[EventRounds "9"]
[EventCountry "GER"]
[SourceTitle "CBM 178 Extra"]
[Source "ChessBase"]
[SourceDate "2017.06.22"]
[SourceVersion "1"]
[SourceVersionDate "2017.06.22"]
[SourceQuality "1"]

1. e4 c5 2. Nc3 d6 3. g3 g6 4. Bg2 Bg7 5. d3 Nc6 6. Be3 Nf6 7. Qd2 0-0 8. Bh6 Bd7 9. Bxg7 Kxg7 10. Nge2 Rc8 11. 0-0-0 a6 12. h4 h5 13. f4 e6 14. Bh3 b5 15. Rdg1 b4 16. Nd1 Qa5 17. Kb1 Nd4 18. Nxd4 cxd4 19. g4 Rc5 20. Rh2 Qa4 21. b3 Qa3 22. Qc1 Ra5 23. Qxa3 Rxa3 24. Nb2 Bb5 25. f5 e5 26. Rhg2 a5 27. Nc4 Bxc4 28. bxc4 a4 29. Kb2 Rc3 30. fxg6 fxg6 31. gxh5 Nxh5 32. Rxg6+ Kf7 33. Rxd6 Nf4 34. Bf5 a3+ 35. Kb1 Rh8 36. Rd7+ Kf6 37. Rgg7 Rf8 38. Rh7 1-0

[Event "GER-ch U25-A"]
[Site "Willingen"]
[Date "2017.06.07"]
[Round "6"]
[White "Leimbach, Tim Vincent"]
[Black "Erezhep, Assylzhan"]
[Result "1/2-1/2"]
[WhiteElo "1561"]
[BlackElo "1753"]
[PlyCount "50"]
[EventDate "2017.06.04"]
[EventType "swiss"]
[EventRounds "9"]
[EventCountry "GER"]
[SourceTitle "CBM 178 Extra"]
[Source "ChessBase"]
[SourceDate "2017.06.22"]
[SourceVersion "1"]
[SourceVersionDate "2017.06.22"]
[SourceQuality "1"]

1. Nc3 Nf6 2. e4 d6 3. d3 g6 4. f4 Bg7 5. Nf3 c5 6. Be2 Nc6 7. 0-0 0-0 8. Qe1 Bd7 9. h3 Nd4 10. Nxd4 cxd4 11. Nd1 e5 12. fxe5 dxe5 13. Bg5 Qb6 14. Qf2 Nh5 15. Bxh5 gxh5 16. b3 Rac8 17. Nb2 Qg6 18. h4 h6 19. Bf6 Bxf6 20. Qxf6 Qxf6 21. Rxf6 Kg7 22. Rf2 Rc5 23. a4 b6 24. Nc4 f6 25. Raf1 Rcc8 1/2-1/2

[Event "GER-ch U25-A"]
[Site "Willingen"]
[Date "2017.06.05"]
[Round "3"]
[White "Erezhep, Assylzhan"]
[Black "Teschler, Ansgar"]
[Result "0-1"]
[WhiteElo "1753"]
[BlackElo "1595"]
[PlyCount "64"]
[EventDate "2017.06.04"]
[EventType "swiss"]
[EventRounds "9"]
[EventCountry "GER"]
[SourceTitle "CBM 178 Extra"]
[Source "ChessBase"]
[SourceDate "2017.06.22"]
[SourceVersion "1"]
[SourceVersionDate "2017.06.22"]
[SourceQuality "1"]

1. e4 c5 2. Nc3 Nc6 3. g3 g6 4. Bg2 Bg7 5. d3 e6 6. Be3 d6 7. Qd2 h6 8. Nge2 Nge7 9. f4 f5 10. 0-0-0 0-0 11. e5 b6 12. exd6 Qxd6 13. h3 Bb7 14. g4 Rad8 15. h4 Qc7 16. h5 Nd4 17. Bxb7 Qxb7 18. Qe1 fxg4 19. Qg1 Nef5 20. Bxd4 cxd4 21. Ne4 Qf7 22. N4g3 Nxg3 23. Qxg3 gxh5 24. Rh2 Rd5 25. Rdh1 Rc8 26. Kb1 Rdc5 27. Rc1 Qc7 28. Ng1 a5 29. Rd2 e5 30. f5 Bf6 31. Rh2 Bg5 32. Rd1 Bf4 0-1